Four-Letter Television (A-Z) Quiz Stats

 Plays Quiz Updated Jun 8, 2016

Challenge
Share
Tweet
Embed
Score 0/26 Timer 03:00
0 Plays Today
Clue Word % Correct
'____ night, John-Boy!'Good
96.9%
How I Met ____ MotherYour
95.7%
Television industry awardEmmy
94.3%
'Jeopardy!' is this type of showQuiz
93.8%
Captain James T. ____Kirk
92.4%
30 ____Rock
92.4%
Warrior princessXena
91.3%
'Big Love' is set in this stateUtah
91%
Acronymed police procedural drama seriesNCIS
87.9%
____ and Ricky RicardoLucy
83.6%
Shephard or Locke (LOST)Jack/John
81.7%
HBO series starring Julia Louis-DreyfusVeep
79.9%
Chandler Muriel ____Bing
78.3%
Clue Word % Correct
Danny DeVito, Marilu Henner showTaxi
77.5%
____ Scully (The X-Files)Dana
76%
Cartman, Kenny, ____ and KyleStan
72.9%
'Suicide Is Painless' (TV theme) showM*A*S*H
70.6%
Lenny Leonard's BFF: ____ CarlsonCarl
62.5%
Schrader, Hill, or KingsleyHank
60%
____ Fools and HorsesOnly
59.3%
Show based on 1980 Irene Cara movieFame
59%
Two-word 1960s secret-agent seriesI Spy
58.4%
The ____ Silvers ShowPhil
53.7%
Eddard Stark's youngest daughterArya
51.3%
____, son of Mogh (Klingon)Worf
35.4%
____ Brannigan (Futurama) Zapp
27.1%

You're not logged in!

Compare scores with friends on all Sporcle quizzes.
OR
Log In

You Might Also Like...

Show Comments

Extras

Top Quizzes Today


Score Distribution

Your Account Isn't Verified!

In order to create a playlist on Sporcle, you need to verify the email address you used during registration. Go to your Sporcle Settings to finish the process.

Report this User

Report this user for behavior that violates our Community Guidelines.

Details: